000 00907nam a2200253 a 4500
001 40306
003 BD-RjUL
005 20211209053205.0
008 160428s1974 ii ||||| |||| 00| 0 ben d
020 _c: IRs 6.00
035 _a(BD-RjUL)40421
040 _aBD-RjUL
_bben
_cBD-RjUL
041 _aben
082 _223
_a891.441
_bMOS 1974
100 _aমল্লিক, উদিতেন্দু প্রকাশ
_9124186
245 1 0 _aশেষের গান /
_cউদিতেন্দু প্রকাশ মল্লিক
250 _a১ম সং.
260 _aকলিকাতা :
_bবঙ্গ-সরস্বতী,
_c১৯৭৪
300 _a খণ্ড ;
_c২১ সেমি.
505 _aখণ্ড ৫, হৈ্মন্তিকা --
650 _aBengali Poetry
_9124187
650 _aবাংলা কবিতা
_9124188
942 _2ddc
_cBK
999 _c40306
_d40306